[Event "32nd GER-ch Seniors-65 2020"]
[Site "Magdeburg"]
[Date "2020.08.21"]
[Round "8.12"]
[White "Zimmermann, Rolf"]
[Black "Ehlert, Horst"]
[Result "1-0"]
[WhiteElo "2101"]
[BlackElo "2006"]
[Annotator "TA"]
[PlyCount "72"]
[EventDate "2020.08.14"]
[EventType "swiss"]
[EventCountry "GER"]
[SourceTitle "playchess.com"]
[Source "ChessBase"]
[SourceQuality "1"]

{[%evp 17,72,2,16,0,18,-4,6,-8,-8,-58,4,9,14,-21,0,2,-1,-6,2,0,37,0,0,-61,69,-49,154,112,141,138,212,113,183,191,266,127,148,104,91,74,331,-179,93,95,89,91,81,75,70,6,8,8,8,0,0,-800,0]} 1. c4 c5 2. Nc3 Nc6 3. g3 g6 4. Bg2 Bg7 5. e3 e5 6. Nge2 Nge7 7. O-O O-O 8. b3 d6 9. Bb2 Rb8 10. Nd5 {[#] A36: Symmetrical English vs ...g6: 4 Bg2 Bg7.} Bg4 $146 ({Predecessor:} 10... Nxd5 11. cxd5 Nb4 12. a3 Nd3 13. Bc3 f5 14. Qc2 e4 15. f3 exf3 16. Bxf3 Ne5 17. Bg2 Qe7 {1-0 (44) Brunello,S (2553)-Miezis,N (2434) Katowice 2017}) 11. h3 Be6 12. d4 {The position is equal.} exd4 13. exd4 Bxd5 (13... Nf5 $15) 14. cxd5 $11 Nb4 15. Nf4 cxd4 16. a3 $36 {[%mdl 2048] White has the initiative.} (16. Bxd4 Bxd4 17. Qxd4 Nc2 $17) 16... Na6 $1 17. b4 Qb6 18. Re1 Nf5 19. Qd3 Nc7 20. g4 (20. Rac1 $11) 20... Nh6 (20... Nh4 $15) 21. Re4 (21. a4 $14) 21... a5 $2 {[#]} (21... Nb5 $1 $15 {keeps the upper hand.}) 22. Bxd4 $16 Bxd4 23. Rxd4 ({Resist} 23. Qxd4 $6 Qxd4 24. Rxd4 Nb5 $14) 23... Rfe8 (23... Rbc8 $16) 24. Rb1 (24. Rc4 $18) 24... axb4 (24... Na6 $16) 25. Rdxb4 $18 ({Don't do} 25. Rbxb4 $6 Qa5 $14) 25... Qa7 (25... Qa5 {was necessary.} 26. Qd4 (26. Rxb7 Rxb7 27. Rxb7 Na6 $16) 26... Na6) 26. Qb3 (26. Qg3 $18) 26... Na6 $16 27. Rxb7 Qd4 28. Qb6 Rxb7 $4 {[%mdl 8192] [#]} (28... Qxf4 $16 29. Qxa6 Rxb7 30. Qxb7 f5) 29. Qxb7 $4 {[%mdl 8192]} (29. Qxd4 $18 {was the only winning move.} Rxb1+ 30. Kh2) 29... Nc5 $2 ({Better is} 29... Rb8 $19 30. Qxb8+ Nxb8 31. Rxb8+ Kg7) 30. Qb4 Qe5 31. Rb2 Kg7 32. a4 Qe1+ 33. Kh2 (33. Bf1 $1 $14 Qxb4 34. Rxb4) 33... Qxb4 $1 $11 34. Rxb4 Ra8 $1 35. Rb6 Rxa4 36. Rb4 $2 {[%mdl 8192]} (36. Kg3 $11) 36... Ra8 $2 {[%mdl 32768] Quite a comeback for Black. Accuracy: White = 37%, Black = 45%. . Loss on time!?} ({Black should try} 36... Rxb4 $19 37. Ne2 g5) 1-0

[Event "32nd GER-ch Seniors-65 2020"]
[Site "Magdeburg"]
[Date "2020.08.22"]
[Round "9.1"]
[White "Dresen, Ulrich"]
[Black "Strobel, Walter"]
[Result "1-0"]
[WhiteElo "2230"]
[BlackElo "2150"]
[Annotator "TA"]
[PlyCount "91"]
[EventDate "2020.08.14"]
[EventType "swiss"]
[EventCountry "GER"]
[SourceTitle "playchess.com"]
[Source "ChessBase"]
[SourceQuality "1"]

{[%evp 9,91,-3,8,0,6,-19,-2,-9,22,22,33,29,30,27,35,0,35,27,80,48,61,64,52,43,56,52,70,59,65,56,58,58,85,81,138,138,137,137,142,125,126,122,152,121,156,127,182,184,198,191,263,194,249,194,252,197,264,201,197,186,168,172,268,281,271,272,260,221,368,333,577,197,187,158,479,475,870,884,29990,29991,29992,29993,29995,29989]} 1. d4 d5 2. Bf4 c5 3. e3 Nc6 4. c3 cxd4 5. exd4 f6 6. Bb5 {B13: Caro-Kann: Exchange Variation and Panov-Botvinnik Attack.} e6 7. Nf3 Nge7 8. O-O {[#] The position is equal.} Ng6 $146 (8... g5 $5 {[%cal Rg5f4]} 9. Bg3 a6 $11) ({Predecessor:} 8... g5 9. Bg3 h5 10. h4 g4 11. Ne1 Bh6 12. Nd3 Ng6 13. Re1 O-O 14. Nd2 Nce7 {0-1 (56) Galvan Sarmiento,J (1954)-Ramon Perez,J (2219) Sanxenxo 2019}) 9. Bg3 Bd6 10. Re1 O-O 11. Nbd2 Bxg3 12. hxg3 Qd6 (12... Qb6 $5 {[%cal Rb6b5]} 13. a4 a6 14. Bxc6 Qxc6 $11) 13. c4 Qb4 (13... Rb8 $11) 14. Qc2 a6 15. a3 $36 {[%mdl 2048] White has the initiative.} Qd6 16. c5 Qc7 17. Bd3 $1 Nce7 18. Qc3 Bd7 19. Re2 Rfc8 20. b4 b5 21. Nb3 Re8 (21... Nc6 $142) 22. Na5 $16 Nc6 23. Nxc6 Bxc6 24. Rae1 Nf8 25. Nd2 Qc8 26. f4 Ra7 27. Nf3 Qd8 (27... Qc7 $16 28. Qd2 a5) 28. g4 $18 Qb8 29. Qd2 Qd8 (29... a5 $142 30. g5 (30. bxa5 Qd8 $16) 30... axb4) 30. g3 Qc8 (30... Qc7 $142 31. g5 a5 32. gxf6 gxf6) 31. Kg2 Qd8 (31... a5 $142 32. a4 (32. bxa5 Qc7 $16) 32... Qb8) 32. Kf2 Ree7 (32... a5 $142 33. g5 axb4) 33. Re3 a5 34. f5 axb4 35. axb4 e5 (35... exf5 {is a better defense.} 36. Rxe7 (36. Bxf5 Rxe3 37. Qxe3 Ra4 $14) 36... Rxe7) 36. dxe5 {And now Nd4 would win.} d4 {[#]} 37. R3e2 $1 ({Resist} 37. Re4 $6 Bxe4 38. exf6 (38. Bxe4 fxe5 39. Qe2 Qe8 $11) 38... gxf6 $16) 37... Bxf3 38. Kxf3 fxe5 (38... Qd5+ {was necessary.} 39. Be4 Qb3+ 40. Qd3 Qxb4) 39. Rxe5 Qa8+ $2 (39... Rxe5 {was called for.} 40. Rxe5 Nd7) 40. Kf2 $2 (40. Be4 Ra3+ 41. Kf2) 40... Rxe5 41. Rxe5 Ra2 $2 {Loses the game.} (41... Qh1 $16 42. Qe2 Qh2+ 43. Kf3 Qh1+ 44. Kf4 Qc1+ 45. Kf3 Qh1+ 46. Qg2 Qc1) 42. Bc2 {[#] Hoping for Bb3+.} Qa3 (42... Nd7 $142) 43. Re2 Ne6 44. fxe6 {White mates.} Rxc2 45. Qxc2 d3 46. Qd1 {Accuracy: White = 68%, Black = 38%.} 1-0

[Event "32nd GER-ch Seniors-65 2020"]
[Site "Magdeburg"]
[Date "2020.08.22"]
[Round "9.2"]
[White "Kierzek, Matthias"]
[Black "Khanukov, Boris"]
[Result "1/2-1/2"]
[WhiteElo "2228"]
[BlackElo "2291"]
[Annotator "TA"]
[PlyCount "125"]
[EventDate "2020.08.14"]
[EventType "swiss"]
[EventCountry "GER"]
[SourceTitle "playchess.com"]
[Source "ChessBase"]
[SourceQuality "1"]

{[%evp 17,125,0,29,24,39,34,25,30,24,10,7,9,19,18,28,4,16,0,5,6,29,5,0,0,7,0,0,0,0,-28,0,0,0,0,0,0,0,0,0,0,0,0,0,0,0,0,0,0,0,0,0,0,372,91,81,0,0,0,0,0,0,0,0,0,0,0,0,0,0,0,0,0,0,0,0,0,0,0,0,0,0,0,0,0,0,0,0,0,0,0,0,-2,0,0,0,0,0,0,0,0,0,0,0,0,0,0,0,0,0,0]} 1. d4 Nf6 2. c4 e6 3. Nf3 b6 4. g3 Bb7 5. Bg2 Be7 6. O-O O-O 7. d5 exd5 8. Nh4 c6 9. cxd5 cxd5 10. Nf5 {E17: Queen's Indian: 4 g3 Bb7 5 Bg2 Be7.} Ne4 11. Nc3 Nxc3 12. bxc3 {White has an edge.} Na6 {[#]} 13. Nxe7+ $146 ({Predecessor:} 13. c4 Nc5 14. cxd5 Bf6 15. Rb1 d6 16. Bf4 Be5 17. Qd2 Qf6 18. e4 Bxf4 19. Qxf4 {1-0 (50) Orsag,M (2428)-Novak,M (2249) Czechia 2008}) 13... Qxe7 14. c4 Nc5 15. cxd5 d6 16. Bb2 f6 17. Rc1 Rfe8 18. Re1 Ba6 19. Qd2 Qd7 20. Bd4 Re7 21. Rc3 Rae8 {[%cal Re7e2]} 22. Re3 Qa4 23. Bf3 Bc4 24. Rxe7 Rxe7 25. Bxc5 bxc5 26. Qf4 Qa6 $1 27. Rb1 {[#] White wants to mate with Rb8+.} Bxe2 28. Re1 Re5 {White must now prevent ...Bxf3.} 29. Rxe2 Rxe2 30. Bxe2 Qxe2 31. Qxd6 $11 {[%mdl 4096] Endgame KQ-KQ} c4 32. Qb8+ Kf7 33. Qxa7+ Kg6 {[#] Threatens to win with ...c3.} 34. Qd4 Qe1+ (34... c3 $11 35. Qxc3 Qd1+ {[%mdl 64] Double Attack} 36. Kg2 Qxd5+ {[%mdl 64] Double Attack} 37. Qf3 Qxa2) 35. Kg2 $16 c3 36. d6 (36. Kf3 $16) 36... Qd2 $11 {The position is equal.} 37. Qe4+ Kh6 $1 38. Qf4+ Qxf4 39. gxf4 {KP-KP} c2 40. d7 c1=Q 41. d8=Q Qxf4 {KQ-KQ} 42. Qd3 {And now Qe3 would win.} g5 (42... Qg5+ {keeps more tension.} 43. Kf1 Qh4 44. Qd2+ g5 45. Qc3 Kg7) 43. h3 Qa4 44. Qd5 Kg7 45. Qb7+ Kg6 46. Qb3 Qe4+ 47. Kf1 Qh1+ 48. Ke2 Qe4+ 49. Kd2 Qf4+ 50. Qe3 {Hoping for Qxf4.} Qb4+ 51. Kc2 Qa4+ 52. Kb2 h5 53. Qd3+ Kg7 54. Qf3 h4 55. Qb7+ Kg6 {...Qd4+ is the strong threat.} 56. Qd5 $1 Qb4+ 57. Kc2 Kh6 58. f3 Qf4 {Strongly threatening ...Qh2+.} 59. Kd3 Qa4 60. Qf7 Qd1+ 61. Ke3 Qc1+ 62. Ke2 Qb2+ 63. Kf1 {Accuracy: White = 95%, Black = 96%.} 1/2-1/2

[Event "32nd GER-ch Seniors-65 2020"]
[Site "Magdeburg"]
[Date "2020.08.22"]
[Round "9.3"]
[White "Syre, Christian"]
[Black "Buchal, Stephan"]
[Result "1-0"]
[WhiteElo "2222"]
[BlackElo "2280"]
[Annotator "TA"]
[PlyCount "63"]
[EventDate "2020.08.14"]
[EventType "swiss"]
[EventCountry "GER"]
[SourceTitle "playchess.com"]
[Source "ChessBase"]
[SourceQuality "1"]

{[%evp 17,63,5,19,2,4,-2,0,-6,7,-6,13,0,0,0,0,0,63,83,73,65,80,46,172,94,97,87,137,12,8,-89,-95,-71,-25,-101,10,-50,63,53,179,185,187,98,83,82,498,0,603,596]} 1. d4 g6 2. e4 d6 3. Nc3 Nf6 4. Nge2 Bg7 5. g3 O-O 6. Bg2 e5 7. O-O c6 8. h3 b5 {8...b5 is better than 8...Nbd7.} 9. a3 Bb7 10. Bg5 {B07: Pirc Defence: Miscellaneous Systems.} Nbd7 11. Qd2 Re8 12. Rad1 {The position is equal.} a6 13. Rfe1 {[#]} Qb6 $146 ({Predecessor:} 13... Qe7 14. Bh6 Bxh6 15. Qxh6 Rad8 16. f4 Qf8 17. Qh4 h6 18. g4 exf4 19. g5 Nh7 20. gxh6 {0-1 (42) Gufeld,E (2445)-Peng,X (2490) Beijing 1996}) 14. Be3 {And now dxe5 would win.} Qc7 15. g4 $36 {[%mdl 2048] White has some pressure.} exd4 16. Nxd4 c5 {[#]} (16... Bf8 $11) 17. Ndxb5 $1 $14 {[%mdl 512]} axb5 18. Nxb5 {[%mdl 64] Double Attack} Qb6 19. Nxd6 Ne5 (19... Bc6 $1 $14) 20. b4 ({But not} 20. Nxe8 $6 Rxe8 21. Qb4 cxb4 $16) (20. f4 $18 Nexg4 21. hxg4 (21. Nxe8 Nxe3 22. Rxe3 Nxe8 $16) 21... Nxe4 22. Bxe4 Rxe4 23. Nxe4 Bxe4 24. b4) 20... Red8 $16 {Hoping for ...Nxe4!} 21. Bxc5 Qc6 {[#]} 22. Qf4 (22. Qe3 $1 $16) 22... Nfd7 $11 23. Nxb7 (23. b5 $11 Qxc5 24. Nxb7 Qxb5 25. Nxd8 Rxd8 26. Rd5) 23... Qxb7 $17 24. Bd4 Qc7 {[%mdl 1024] Black has strong compensation.} 25. Qc1 {[#]} (25. Qg3 $11) 25... Qc4 (25... Nf8 $1 $17 26. Ba1 Rxd1 27. Rxd1 Ne6) 26. Qa1 ({White should try} 26. Ba1 $11) 26... f6 ({Black should play} 26... Qxc2 $15 27. g5 Rdb8) 27. f4 $14 Nc6 (27... Nf7 $1 $14) 28. Bc3 $18 Nb6 29. Bxf6 (29. Rxd8+ $18 Rxd8 30. Bf1 (30. Bxf6 Bxf6 31. Qxf6 Qd4+ 32. Qxd4 Nxd4 $14)) 29... Rxd1 30. Rxd1 Qxc2 $2 {[%mdl 8192]} (30... Bxf6 $16 {is a better chance.} 31. Qxf6 Rf8) 31. e5 $2 (31. Bxg7 $18 Rxa3 32. Qc1 Qxc1 33. Rxc1 Nxb4 34. Bh6) 31... Nxb4 $2 {[%mdl 8192]} (31... Rxa3 $11 32. Qxa3 Qxd1+ 33. Kh2 Qd2 34. Qb3+ Kf8) 32. Bxa8 {Accuracy: White = 55%, Black = 32%.} 1-0

[Event "32nd GER-ch Seniors-65 2020"]
[Site "Magdeburg"]
[Date "2020.08.22"]
[Round "9.4"]
[White "Schulz, Michael"]
[Black "Andersen, Knut"]
[Result "1/2-1/2"]
[WhiteElo "2137"]
[BlackElo "2047"]
[Annotator "TA"]
[PlyCount "160"]
[EventDate "2020.08.14"]
[EventType "swiss"]
[EventCountry "GER"]
[SourceTitle "playchess.com"]
[Source "ChessBase"]
[SourceQuality "1"]

{[%evp 13,160,0,0,-8,-9,-4,0,-10,0,-25,-17,-19,-16,-23,-19,-18,-8,-13,7,0,0,0,7,0,0,0,22,17,37,30,22,18,33,23,35,28,35,16,35,35,35,35,35,35,43,43,43,41,43,43,43,43,43,32,40,32,43,43,45,40,40,40,40,40,40,32,38,32,32,32,40,12,12,8,8,8,8,0,0,0,0,0,0,-313,0,0,0,0,0,0,0,0,0,0,0,0,0,0,0,0,0,-331,-318,-291,-291,-481,-377,-502,-491,-480,0,0,0,0,0,0,0,0,0,0,0,0,477,211,352,0,231,293,588,576,536,0,0,25,25,31,31,0,0,0,0,0,0,0,0,0,0,0,0]} 1. d4 Nf6 2. Bg5 d5 3. Bxf6 exf6 4. e3 Bd6 5. c4 dxc4 6. Bxc4 O-O 7. Nc3 Nd7 8. Qc2 {D00: 1 d4 d5: Unusual lines.} f5 9. Nf3 Nf6 10. Bd3 g6 11. O-O c6 12. h3 Qe7 13. Rfe1 {[#]} Bd7 $146 ({Predecessor:} 13... Be6 14. e4 fxe4 15. Nxe4 Nxe4 16. Bxe4 Rfd8 17. Rad1 Qf6 18. a3 a5 19. Qc3 Bc7 {0-1 (40) Pert,R (2417)-Kosten,A (2527) West Bromwich 2005}) 14. a3 a5 15. Na4 Nd5 16. Rac1 Be6 17. Nc5 Bxc5 18. Qxc5 Qxc5 19. Rxc5 f6 20. g3 Rfe8 21. h4 Kg7 22. Rb1 a4 23. Rbc1 Nb6 24. Bf1 Bd5 25. Bg2 Nd7 26. R5c3 Ra5 27. Ne1 Bf7 28. Nd3 Rb5 29. Nb4 Rd8 30. Bf3 h5 31. Bd1 Nb6 32. Be2 Ra5 33. Rc5 Rda8 34. Kf1 Nd5 35. Nd3 Nb6 36. Rxa5 (36. R5c2 {is interesting.} Bb3 37. Rc3 Bd5 38. Nf4 Bf7 39. Bf3) 36... Rxa5 37. Nc5 Ra7 38. Ke1 Kf8 39. Kd2 Ke7 40. Kd3 Nd7 41. Kc3 b6 42. Nxd7 Kxd7 $14 {[%mdl 4096] Endgame KRB-KRB} 43. Kb4 Kd6 44. Bf3 Bd5 45. Bxd5 Kxd5 $11 {KR-KR} 46. Rc4 Ra5 47. Kc3 Ra7 48. f3 $2 {[%mdl 8192]} (48. Kb4 $11) 48... b5 $2 (48... Re7 $19 49. e4+ fxe4 50. fxe4+ Rxe4 51. Rxa4 Rg4) 49. Rc5+ Kd6 50. Kb4 Re7 51. Rc3 Re8 52. Ka5 Rb8 53. Kb4 g5 54. Rc5 gxh4 55. gxh4 Re8 56. Ka5 Rxe3 57. Kb6 $2 {[%mdl 8192]} (57. Rxf5 $11 Rb3 58. Rxh5) 57... Rxf3 $19 58. Rxc6+ Kd5 59. Rxf6 $2 (59. Kxb5 Rf4 60. Rxf6) 59... Kxd4 60. Kxb5 {[#]} Rf4 $1 61. Rc6 Kd5 $2 ({Black should play} 61... Rg4 $19 {aiming for ...f4.} 62. Kxa4 f4) 62. Rc5+ $11 Ke6 63. Rc6+ Kd7 64. Rc5 Ke6 65. Rc6+ Ke5 66. Rc5+ Ke4 67. Kxa4 Kf3+ $2 {[%mdl 8192]} (67... Rg4 $11 {and Black is okay.} 68. Kb5 f4 69. Rc4+ Ke3 70. Rc3+ Ke2) 68. b4 $18 Kg4 (68... Kg3 $142 69. Ka5 Rf3) 69. Kb5 $2 ({Only move:} 69. Ka5 $18) 69... Rf3 $2 (69... Re4 $11 {and Black has nothing to worry.}) 70. a4 Ra3 $2 (70... Rf1 71. Kc6 Rf4) 71. a5 f4 72. a6 $2 (72. Rc1 $18) 72... f3 73. Kb6 f2 74. Rc1 Kxh4 75. a7 (75. b5 $5 {[%cal Ra6a7]} Kh3 76. Kb7 $14) 75... Kg3 {The position is equal.} 76. Kb7 h4 77. a8=Q Rxa8 78. Kxa8 {[#] Black must now prevent b5.} h3 79. b5 {And now b6 would win.} h2 {...Kg2 is the strong threat.} 80. b6 {White threatens b7 and mate.} Kg2 {Quite a comeback for White. Accuracy: White = 82%, Black = 85%.} 1/2-1/2

[Event "32nd GER-ch Seniors-65 2020"]
[Site "Magdeburg"]
[Date "2020.08.22"]
[Round "9.5"]
[White "Kannenberg, Karl-Heinz"]
[Black "Boidman, Yuri"]
[Result "0-1"]
[WhiteElo "2128"]
[BlackElo "2328"]
[Annotator "TA"]
[PlyCount "80"]
[EventDate "2020.08.14"]
[EventType "swiss"]
[EventCountry "GER"]
[SourceTitle "playchess.com"]
[Source "ChessBase"]
[SourceQuality "1"]

{[%evp 9,80,-12,-12,-16,-6,-50,-21,-57,-71,-64,-59,-63,-35,-45,-49,-66,-75,-105,-112,-110,-104,-117,-105,-129,-101,-106,-134,-144,-135,-129,-149,-158,-137,-151,-129,-141,-135,-133,-112,-91,-57,-162,-70,-77,-79,-84,-73,-77,-84,-79,-89,-86,-88,-99,-82,-127,-104,-163,-116,-118,-138,-118,-118,-593,-586,-579,-579,-572,-572,-553,-329,-370,-354]} 1. d4 d5 2. Nf3 Nf6 3. e3 c5 4. c3 Nc6 5. Bd3 Bg4 6. h3 {D05: Colle System with ...e6.} Bh5 7. Bb5 {[#]} Qb6 $146 (7... e6 {keeps more tension.} 8. O-O Bd6 9. Nbd2 O-O 10. g4 Bg6) ({Predecessor:} 7... Qa5 8. Bxc6+ bxc6 9. Nbd2 e6 10. Qc2 Bd6 11. dxc5 Qxc5 12. b4 Qb6 13. Nd4 O-O {½-½ (23) Schumacher,P (1429)-Hoffmann,F (1464) Duisburg Rheinhausen 2007}) 8. Qa4 {The position is equal.} Bxf3 9. gxf3 e6 10. Nd2 Be7 11. dxc5 Bxc5 12. b4 Be7 13. c4 O-O 14. c5 Qc7 15. Bxc6 bxc6 16. Nb3 a5 17. bxa5 Nd7 18. Bb2 Nxc5 ({Don't do} 18... Bxc5 19. Rg1 $17) 19. Nxc5 Bxc5 20. Bc3 e5 21. Rg1 g6 22. Kf1 Rfd8 23. Rc1 d4 24. Be1 Qe7 25. e4 {[#]} (25. exd4 $15 Bxd4 26. Qxc6) 25... Bb6 $1 {[%mdl 512]} 26. Rxc6 $15 {[#]} (26. axb6 Rxa4) 26... Bxa5 $1 {[%mdl 512]} 27. Bxa5 {[#]} Qa7 $1 28. Rc2 Qxa5 29. Qxa5 Rxa5 $17 {[%mdl 4096] Endgame KRR-KRR} 30. Kg2 Rda8 31. Ra1 Kg7 32. Rb2 Ra3 33. Kg3 (33. h4 $17) 33... h5 34. Rb5 R8a6 ({Don't play} 34... Rxa2 $6 35. Rxa2 Rxa2 36. Rxe5 $11) 35. Rxe5 Rf6 ({Reject} 35... Rxa2 $6 36. Rxa2 Rxa2 37. Rd5 $11) 36. Rd1 $2 {[%mdl 8192] This move loses the game for White.} (36. Rf1 $17 {is a better chance.}) 36... Raxf3+ $19 37. Kg2 Rxf2+ {[%mdl 64] Double Attack} 38. Kg1 Rxa2 39. Rxd4 Rff2 40. Rg5 Rfe2 {Accuracy: White = 59%, Black = 74%.} 0-1

[Event "32nd GER-ch Seniors-65 2020"]
[Site "Magdeburg"]
[Date "2020.08.22"]
[Round "9.6"]
[White "Waltenberger, Udo"]
[Black "Postler, Reinhard"]
[Result "0-1"]
[WhiteElo "2005"]
[BlackElo "2238"]
[Annotator "RC"]
[PlyCount "52"]
[EventDate "2020.08.14"]
[EventType "swiss"]
[EventCountry "GER"]
[SourceTitle "playchess.com"]
[Source "ChessBase"]
[SourceQuality "1"]
[TimeControl "40/5400+30:1800+30"]

1. e4 {[%emt 0:00:00]} c5 {[%emt 0:00:00]} 2. Nf3 {[%emt 0:00:00]} e6 {[%emt 0:00:00]} 3. c3 {[%emt 0:00:00]} Nf6 {[%emt 0:00:00]} 4. e5 {[%emt 0:00:02]} Nd5 {[%emt 0:00:01]} 5. d4 {[%emt 0:00:12]} cxd4 {[%emt 0:00:11]} 6. Qxd4 {[%emt 0:00:09]} Nc6 {[%emt 0:00:35]} 7. Qe4 {[%emt 0:00:05]} d6 {[%emt 0:00:51]} 8. Nbd2 {[%emt 0:01:31]} dxe5 {[%emt 0:09:38]} 9. Nxe5 {[%emt 0:00:05]} Qc7 {[%emt 0:13:08]} 10. Ndf3 {[%emt 0:08:22]} Bd6 {[%emt 0:04:41]} 11. Nc4 {[%emt 0:14:36]} Be7 {[%emt 0:01:23]} 12. Bd3 {[%emt 0:05:09]} b6 {[%emt 0:06:05]} 13. Nce5 {[%emt 0:04:09]} Bb7 {[%emt 0:02:07]} 14. Bb5 {[%emt 0:03:07]} Bd6 {[%emt 0:11:09]} 15. Nxc6 {[%emt 0:04:58]} Bxc6 {[%emt 0:00:03]} 16. Nd4 {[%emt 0:00:58]} Bd7 {[%emt 0:01:33]} 17. Nxe6 {[%emt 0:06:49]} fxe6 {[%emt 0:00:08]} 18. Qxe6+ {[%emt 0:00:09]} Ne7 {[%emt 0:00:04]} 19. Qe4 {[%emt 0:08:00]} Bc6 {[%emt 0:00:54]} 20. Bxc6+ {[%emt 0:01:43]} Qxc6 {[%emt 0:00:17]} 21. Qg4 {[%emt 0:00:19]} O-O {[%emt 0:02:20]} 22. Bg5 {[%emt 0:07:16]} Nf5 {[%emt 0:05:37]} 23. O-O-O {[%emt 0:00:20]} Rac8 {[%emt 0:03:05]} 24. Rhe1 {[%emt 0:04:02]} b5 {[%emt 0:03:19]} 25. Rd3 {[%emt 0:03:46]} g6 {[%emt 0:13:01]} 26. Re6 {[%emt 0:07:42]} Bf4+ {[%emt 0:00:25]} 0-1

[Event "32nd GER-ch Seniors-65 2020"]
[Site "Magdeburg"]
[Date "2020.08.22"]
[Round "9.7"]
[White "Allgaier, Erik"]
[Black "Rosen, Willy"]
[Result "0-1"]
[WhiteElo "2030"]
[BlackElo "2165"]
[Annotator "TA"]
[PlyCount "122"]
[EventDate "2020.08.14"]
[EventType "swiss"]
[EventCountry "GER"]
[SourceTitle "playchess.com"]
[Source "ChessBase"]
[SourceQuality "1"]

{[%evp 15,122,-12,-7,-9,-12,-31,-32,-40,-39,-42,0,0,0,4,37,22,44,14,13,13,36,-22,-19,-39,-10,-16,0,-53,-25,-33,-35,-41,-27,-39,-12,-8,0,-9,0,0,0,-7,-29,-32,-37,-118,-97,-180,-93,-111,-66,-120,-125,-124,-152,-150,-164,-156,-89,-153,-74,-150,-104,-173,-177,-173,-135,-154,-166,-278,-278,-925,-922,-883,-853,-839,-333,-735,-457,-454,-396,-385,-377,-370,-367,-548,-544,-539,-536,-541,-537,-512,-371,-452,-329,-462,-439,-566,-526,-708,-691,-668,-670,-653,-669,-1175,-581,-513,-450]} 1. c4 c5 2. g3 Nc6 3. Bg2 d6 4. Nf3 e5 5. O-O g6 6. Nc3 Bg7 7. Ne1 Be6 {7...Be6 is better than 7...Nge7.} 8. Nd5 Nge7 9. Nc2 {A37: Symmetrical English vs ...g6: 4 Bg2 Bg7 5 Nf3.} O-O 10. Nce3 Rb8 {[#]} 11. Nxe7+ $146 {Black is slightly better.} ({Predecessor:} 11. a4 Qd7 12. d3 Bh3 13. Rb1 Bxg2 14. Kxg2 Nxd5 15. Nxd5 Ne7 16. Nxe7+ Qxe7 17. b4 {1-0 (43) Kovalev,D (2487)-Villalba,M (2258) chess.com INT 2020}) 11... Nxe7 12. Nd5 Bxd5 13. cxd5 f5 14. d3 Kh8 15. Qc2 Qe8 16. f4 Qf7 17. e4 exf4 18. gxf4 (18. Bxf4 $14 Bd4+ 19. Kh1) 18... Bd4+ $11 19. Kh1 Qf6 20. Rb1 b5 21. b3 (21. b4 $11) 21... Rbc8 22. Qe2 Rfe8 23. Qc2 Ng8 24. Bf3 Qh4 25. Qg2 Nf6 26. Bd2 c4 (26... Rg8 {seems wilder.} 27. Be1 Qh6 28. Bd2 Rce8 29. Rfe1 Qg7) 27. bxc4 bxc4 28. e5 $132 {[%mdl 2048] White has counterplay} dxe5 29. fxe5 Bxe5 30. dxc4 (30. Bg5 $15 Qd4 31. dxc4) 30... Qxc4 $17 ({Much weaker is} 30... Rxc4 $6 31. Bg5 $11) 31. Rbe1 (31. Bg5 $17 {might work better.}) 31... Nd7 (31... Qxa2 $19 {aiming for ...Rc2.} 32. Re2 Rc2) 32. Bg5 Bf6 33. Bxf6+ (33. Rc1 $15 Qd3 34. Qd2 Qxd2 35. Bxd2) 33... Nxf6 34. Qb2 Qc3 35. Rxe8+ Nxe8 36. Qb7 Qc7 (36... Nd6 $142 37. Qe7 Qc7 38. Qf6+ Kg8) 37. Qb2+ ({White should try} 37. Qxc7 Rxc7 38. Re1) 37... Qg7 ({Black should play} 37... Kg8 38. Qe2 Nd6 39. Qe6+ Kf8) 38. Qe2 (38. Qa3 $142) 38... Qf6 39. Qb5 (39. Qf2 $17) 39... Nd6 $19 40. Qd7 Rc2 41. Rb1 {[#]} Nf7 $1 {...Qc3 is the strong threat.} 42. Qe6 (42. Qxa7 $142 Qc3 43. Be4 Rc1+ 44. Rxc1 Qxc1+ 45. Kg2) 42... Qc3 43. Be4 $2 (43. Bd1 Rxa2 44. Rb7) 43... Rc1+ 44. Rxc1 Qxc1+ 45. Kg2 Qg5+ $2 {[#]} (45... Qd2+ 46. Kh1 Qe1+ 47. Kg2 Qxe4+ 48. Qxe4 fxe4) 46. Kf2 $2 (46. Kh1 Qc1+ 47. Kg2 Qd2+ {[%mdl 64] Double Attack} 48. Kh1 Qd1+ 49. Kg2 Qe2+ 50. Kg1 Qe3+ 51. Kh1 Qxe4+ 52. Qxe4 fxe4 53. Kg1) 46... Qf4+ ({And not} 46... fxe4 47. Qxf7 Qd2+ 48. Kg3 $11) 47. Bf3 Kg7 48. Qe3 Qxh2+ 49. Bg2 a6 50. Kf1 (50. Qa7 $142) 50... Qe5 51. Qa3 g5 52. Qxa6 g4 53. Qe2 {White hopes to continue with Qxe5+.} Qc3 54. Qd1 Qc5 55. Qd3 (55. a4 $142) 55... Kf6 {Black is clearly winning.} 56. Qa6+ Nd6 57. Qe2 Qc1+ 58. Kf2 {intending Qe6+.} Qf4+ 59. Kg1 Qe5 60. Qxe5+ Kxe5 61. a4 Nc4 {Accuracy: White = 47%, Black = 60%.} 0-1

[Event "32nd GER-ch Seniors-65 2020"]
[Site "Magdeburg"]
[Date "2020.08.22"]
[Round "9.8"]
[White "Knaak, Joachim"]
[Black "Zimmermann, Rolf"]
[Result "1/2-1/2"]
[WhiteElo "2144"]
[BlackElo "2101"]
[Annotator "ChessBase"]
[PlyCount "24"]
[EventDate "2020.08.14"]
[EventType "swiss"]
[EventCountry "GER"]
[SourceTitle "playchess.com"]
[Source "ChessBase"]
[SourceQuality "1"]
[TimeControl "40/5400+30:1800+30"]

1. d4 Nf6 {[%emt 0:01:16]} 2. c4 {[%emt 0:00:00]} e5 {[%emt 0:00:30]} 3. dxe5 {[%emt 0:00:08]} Ne4 {[%emt 0:00:52]} 4. a3 {[%emt 0:01:56]} a5 {[%emt 0:00:21]} 5. Nf3 {[%emt 0:02:01]} a4 {[%emt 0:06:30]} 6. Nbd2 {[%emt 0:12:28]} Nc5 {[%emt 0:01:20]} 7. e3 {[%emt 0:03:18]} Nc6 {[%emt 0:03:03]} 8. Be2 {[%emt 0:06:27]} g6 {[%emt 0:04:33]} 9. b4 {[%emt 0:04:20]} axb3 {[%emt 0:02:52]} 10. Nxb3 {[%emt 0:00:18]} Nxb3 {[%emt 0:00:26]} 11. Qxb3 Bg7 12. Bb2 O-O 1/2-1/2